Δήμοι της Ελλάδας που Αρχίζουν από Κ - Statistics

General Stats
  • This quiz has been taken 9 times
  • The average score is 17 of 39
Answer Stats
Δήμος % Correct
Κεντρικής Κέρκυρας και Διαπόντιων Νήσων
88%
Καλαμάτας
75%
Καρδίτσας
75%
Καρπάθου
75%
Κω
75%
Κάσου
63%
Καστοριάς
63%
Κατερίνης
63%
Κέας
63%
Κιλκίς
63%
Κορινθίων
63%
Καβάλας
50%
Καισαριανής
50%
Καλαμπάκας
50%
Καλυμνίων
50%
Κοζάνης
50%
Κομοτηνής
50%
Κύθνου
50%
Καλαμαριάς
38%
Καλλιθέας
38%
Καρπενησίου
38%
Κερατσινίου-Δραπετσώνας
38%
Κηφισιάς
38%
Κυθήρων
38%
Κύμης-Αλιβερίου
38%
Καλαβρύτων
25%
Καμένων Βούρλων
25%
Καρύστου
25%
Κασσάνδρας
25%
Κάτω Νευροκοπίου
25%
Κεντρικών Τζουμέρκων
25%
Κιμώλου
25%
Κισσάμου
25%
Κόνιτσας
25%
Κορδελιού-Ευόσμου
25%
Κορυδαλλού
25%
Κορωπίου
25%
Καντάνου-Σελίνου
13%
Κιλελέρ
13%
No matching quizzes found
Score Distribution
Percent of People with Each Score
Percentile by Number Answered
Your Score History
You have not taken this quiz